书目信息 |
| 书名: | 英日科学技术25万语大辞典 | |
| 作者: | 高鹤淳二主编. | |
| 分册号: | ||
| 分册名: | 出版地: | 东京 : |
|
| 出版社: | 株式会社INTER PRESS | |
| 出版时间: | 1986. | |
| 页数: | 1985 p. ; | |
| 开本: | 23cm. | |
| 丛书名: | ||
| 中图分类号: | ||
| 科图分类号: | ||
| 其他分类号: | T-61 | |
| 主题词: | ||
| 电子资源: | ||
| 000 | 00430nam 2200169 a 4500 | |
| 001 | E0739514670 | |
| 005 | 20070724110535.10 | |
| 008 | 070724s1986 00010 eng | |
| 020 | @a4-87087-007-X. | |
| 040 | @aPFT@bchi | |
| 041 | @ajpn | |
| 090 | @aT-61 | |
| 099 | @dT-61@ex6 | |
| 245 | 1 | @a英日科学技术25万语大辞典 / @c高鹤淳二主编. |
| 260 | @a东京 :@b株式会社INTER PRESS,@c1986. | |
| 300 | @a1985 p. ;@c23cm. | |
| 650 | @a科学技术工具书 | |
| 英日科学技术25万语大辞典 / / 高鹤淳二主编.-东京 : : 株式会社INTER PRESS, , 1986. |
| 1985 p. ; ; 23cm. |
| ISBN 4-87087-007-X. |
| ● |
| 相关链接 |
|
|
|
|
正题名:英日科学技术25万语大辞典
索取号:T-61/x6
 
预约/预借
| 序号 | 登录号 | 条形码 | 馆藏地/架位号 | 状态 | 备注 |
| 1 | 0013505 | 300135057 | 第二样本阅览室/ [索取号:T-61/x6] | 在馆 |